00585nam a22001577a 450000500170000002000230001703500120004003700130005210000230006524501070008826000450019530000190024094200280025999900170028795201230030420120427130435.0 a0195653238c195.00 aB-11527 aDPLbENG aHasan, Zoya945932 aQuest for power :bOppositional movements and post-congress politics in Uttar Pradesh /cby Zoya Hasan aNew DelhibOxford University Pressc1998 a280p.c20 cms. 2ddccENh320.95413mHAS c65738d65738 001040708NFICaZLSbZLSd2012-04-27g195.00l0o320.95413 HASpB-11527r2012-04-27 00:00:00v195.00w2012-04-27yEN